000
00195 a2200097 4500
020
_a
9780688154875
041
_a
spa
100
_a
beverly Cleary
245
_a
Ramona empiesa el curso
942
_c
BK
999
_c
30177
_d
30175